Principles Of Product Management (Record no. 42874)

MARC details
000 -LEADER
fixed length control field 00312nam a2200121Ia 4500
008 - FIXED-LENGTH DATA ELEMENTS--GENERAL INFORMATION
fixed length control field 241028s9999 xx 000 0 und d
041 ## - LANGUAGE CODE
Language code of text/sound track or separate title eng
082 ## - DEWEY DECIMAL CLASSIFICATION NUMBER
Classification number 658.56 SMI
100 ## - MAIN ENTRY--PERSONAL NAME
Personal name Diane Smith
245 ## - TITLE STATEMENT
Title Principles Of Product Management
260 ## - PUBLICATION, DISTRIBUTION, ETC.
Name of publisher, distributor, etc. States Academic Press
Place of publication, distribution, etc. USA
Date of publication, distribution, etc. 2022
300 ## - PHYSICAL DESCRIPTION
Extent 238;. P. 27 cm
Holdings
Withdrawn status Lost status Damaged status Not for loan Home library Current library Shelving location Date acquired Cost, normal purchase price Full call number Barcode Date last seen Cost, replacement price Price effective from Koha item type
        IMTN IMTN Rack 34-B 07/03/2024 13316.00 658.56 SMI 33303 10/28/2024 153.95 10/28/2024 Books
Designed & Maintained by: LRC IMT Nagpur Contact: lrc@imtnag.ac.in© 2024. All Rights Reserved.